000 00473nam a2200181Ia 4500
005 20250326142807.0
008 250326s9999 xx 000 0 und d
037 _aTextbook
040 _aFMSL
_beng
_cFMSL
041 _aeng
_2eng
084 _qFMSL
100 _aClarkson K W
245 0 _aIndustrial organisation
_cClarkson K W; Miller R L
260 _aMcGraw-Hill
_bMcGraw-Hill, Int. Book
_c1983
300 _a527p
942 _cTB
999 _c1296664
_d1296664